Catálogo

INTRODUCCION A LA GENETICA : (Registro nro. 46)

Detalles MARC
000 -LEADER
fixed length control field 00407nam a2200169 a 4500
001 - CONTROL NUMBER
control field 46
005 - DATE AND TIME OF LATEST TRANSACTION
control field 20230414123539.0
008 - FIXED-LENGTH DATA ELEMENTS--GENERAL INFORMATION
fixed length control field 140415s1973 ag 000 0 spa d
041 ## - LANGUAGE CODE
Language code of text/sound track or separate title spa
082 ## - DEWEY DECIMAL CLASSIFICATION NUMBER
Classification number 575.1
Item number CRO
100 1# - MAIN ENTRY--PERSONAL NAME
Personal name CROWDER, NORMAN A.
245 10 - TITLE STATEMENT
Title INTRODUCCION A LA GENETICA :
Remainder of title MANUAL ANTOPROGRAMADO
250 ## - EDITION STATEMENT
Edition statement 1a ed.
260 ## - PUBLICATION, DISTRIBUTION, ETC.
Place of publication, distribution, etc. ARGENTINA :
Name of publisher, distributor, etc. PAIDOS,
Date of publication, distribution, etc. 1973
300 ## - PHYSICAL DESCRIPTION
Extent 269
650 14 - SUBJECT ADDED ENTRY--TOPICAL TERM
Topical term or geographic name entry element GENETICA
Existencias
Withdrawn status Lost status Source of classification or shelving scheme Damaged status Not for loan Collection code Home library Current library Shelving location Date acquired Source of acquisition Inventory number Total Checkouts Full call number Barcode Date last seen Date last checked out Price effective from Koha item type
    Dewey Decimal Classification     General Biblioteca Karol Wojtyla Biblioteca Karol Wojtyla Sala general 03/12/2013 Compra 151000000000000000000731 5 575.1 CRO 10046 05/01/2026 01/10/2019 03/12/2013 Libro